<?xml version="1.0" encoding="UTF-8"?>
<record
    xmlns:xsi="http://www.w3.org/2001/XMLSchema-instance"
    xsi:schemaLocation="http://www.loc.gov/MARC21/slim http://www.loc.gov/standards/marcxml/schema/MARC21slim.xsd"
    xmlns="http://www.loc.gov/MARC21/slim">

  <leader>01693nam a2200205Ia 4500</leader>
  <controlfield tag="001">a1852-45638 </controlfield>
  <controlfield tag="003">IT-MiCISF</controlfield>
  <controlfield tag="008">161014s9999||||xx |||||||||||||| ||und||</controlfield>
  <datafield tag="040" ind1=" " ind2=" ">
    <subfield code="a">IT-MiCISF</subfield>
    <subfield code="c">IT-MiCISF</subfield>
  </datafield>
  <datafield tag="041" ind1=" " ind2=" ">
    <subfield code="a">it</subfield>
  </datafield>
  <datafield tag="100" ind1=" " ind2=" ">
    <subfield code="a">Giorgi Simona</subfield>
  </datafield>
  <datafield tag="245" ind1=" " ind2="0">
    <subfield code="a">L'aeroporto delle cicogne</subfield>
    <subfield code="b">Creare e condurre gruppi di genitori adottivi</subfield>
  </datafield>
  <datafield tag="250" ind1=" " ind2=" ">
    <subfield code="a">1a ed.</subfield>
  </datafield>
  <datafield tag="260" ind1=" " ind2=" ">
    <subfield code="a"> Roma</subfield>
    <subfield code="b">Magi</subfield>
    <subfield code="c">2008</subfield>
  </datafield>
  <datafield tag="300" ind1=" " ind2=" ">
    <subfield code="a">pp. 103</subfield>
  </datafield>
  <datafield tag="500" ind1=" " ind2=" ">
    <subfield code="a"> / adozione, genitori-adottivi, psicologia, figli-adottivi, reti-informali / Spesso - dopo un interminabile iter adottivo - la coppia si trova improvvisamente da sola. I genitori adottivi talvolta non hanno nessun contatto con altre famiglie adottive, e non sanno a chi chiedere informazioni. L'"aeroporto delle cicogne" rappresenta metaforicamente un gruppo di genitori adottivi che, sotto la guida di un conduttore, vive e segue il percorso adottivo di ciascuna coppia componente il gruppo. Avere la possibilit&#xE0; di ascoltare come altri stiano affrontando la stessa esperienza costituisce sia un grande sostegno che uno stimolo per far fronte alle problematiche che questa nuova fase della vita comporta. In questo volume l'A., che si occupa di adozione da molti anni, descrive le varie tappe necessarie alla nascita di un gruppo e i problemi legati alla sua gestione. Riporta poi la sua esperienza di conduttrice di gruppi per genitori adottivi, illustrando anche una serie di strumenti - giochi, video, letture - che possono aiutare il conduttore a raggiungere i suoi obiettivi di sostegno, arricchimento, confronto e condivisione.</subfield>
  </datafield>
  <datafield tag="650" ind1=" " ind2=" ">
    <subfield code="a"> Genitorialit&#xE0; e problemi educativi / adozione-affido</subfield>
    <subfield code="e">004</subfield>
  </datafield>
  <datafield tag="942" ind1=" " ind2=" ">
    <subfield code="c">BK</subfield>
  </datafield>
  <datafield tag="957" ind1=" " ind2=" ">
    <subfield code="7">1</subfield>
  </datafield>
  <datafield tag="999" ind1=" " ind2=" ">
    <subfield code="a">45638</subfield>
    <subfield code="b">si</subfield>
    <subfield code="g">1</subfield>
    <subfield code="c">217338</subfield>
    <subfield code="d">217338</subfield>
  </datafield>
  <datafield tag="952" ind1=" " ind2=" ">
    <subfield code="0">0</subfield>
    <subfield code="1">0</subfield>
    <subfield code="4">0</subfield>
    <subfield code="6">A_185245638</subfield>
    <subfield code="7">1</subfield>
    <subfield code="a">CISF</subfield>
    <subfield code="b">CISF</subfield>
    <subfield code="d">2016-10-14</subfield>
    <subfield code="l">0</subfield>
    <subfield code="o">a1852-45638 </subfield>
    <subfield code="r">2016-10-14 00:00:00</subfield>
    <subfield code="w">2016-10-14</subfield>
    <subfield code="y">BK</subfield>
    <subfield code="z">Data import 15.10.2016 / by Epidotti, Vaglietti</subfield>
  </datafield>
</record>
